| 000 | 00938nam a22002897a 4500 | ||
|---|---|---|---|
| 001 | BR9508087 | ||
| 003 | BR-BrBNA | ||
| 005 | 20230928095119.0 | ||
| 007 | ta | ||
| 008 | 230509b bl.||||| |||| 00| 0 por d | ||
| 040 |
_aBR-BrBNA _bpor _cBiblioteca Nacional de Agricultura |
||
| 041 | _a(Por) | ||
| 072 | _aL40; U10; U30 | ||
| 090 | _ L40 BR9508087 | ||
| 100 | 1 | _aLisi, C.S. | |
| 110 | 1 |
_aCentro de Energia Nuclear na Agricultura, Piracicaba, SP (Brasil) _0Tese (Mestre em Ciencias) |
|
| 245 | 1 | _aDesenvolvimento metodologico para datacao radiocarbonica de amostras de ossos por espectrometria de cintilacao liquida | |
| 260 | 3 |
_aPiracicaba, SP (Brasil): _c1995. |
|
| 300 | _a93 p. | ||
| 500 | _aSummaries (Eng, Por); 13 illus.; 8 tables; Bibliography p. 75-79 | ||
| 650 | _aOsso | ||
| 650 | _aEspectrometria | ||
| 650 | _aColageno | ||
| 650 | _aModelo Matematico | ||
| 909 |
_a202309 _bLucia _c55 _dLucia Elande |
||
| 942 | _cBK | ||
| 999 |
_c54600 _d54600 |
||